On This Day: March 24th Quiz Stats

 Plays Quiz Updated Mar 24, 2017

Support Sporcle.
Go Orange.
Score 0/7 Timer 03:00
1 Play Today
Question Answer Wrong Answers
This Hungarian-American magician and escape artist is born.
1874
Harry Houdini
95%
David Copperfield
2%
Harry Blackstone Sr.
0.7%
Dante
0.7%
This rock ā€˜nā€™ roll icon is drafted into the US Army.
1958
Elvis Presley
93.6%
Bob Dylan
3%
Ricky Nelson
0.6%
Bobby Darin
0.6%
In Prince William Sound, Alaska, the ______ spills 240,000 barrels of crude oil after running aground.
1989
Exxon Valdez
90.3%
Atlantic Empress
3.1%
ABT Summer
1.3%
Amoco Cadiz
2.2%
This American football player and entrepreneur, who spent his career with the Colts and Broncos, is born.
1976
Peyton Manning
85.1%
Terrell Davis
5.1%
Shannon Sharpe
2.9%
Marvin Harrison
4%
This South American country, home to the world's highest uninterrupted waterfall, abolishes slavery.
1854
Venezuela
66%
Chile
9.7%
Ecuador
6.7%
Argentina
16.6%
Great Britain passes the Quartering Act, which requires the Thirteen Colonies to ______.
1765
House British troops
60.2%
Pay a 25% property tax
28.5%
Use British currency
4.4%
Only trade with Britain
6.8%
During the Kosovo War, NATO commences aerial bombardment against this nation, marking the first time NATO has attacked a sovereign country.
1999
Yugoslavia
59.5%
Czechoslovakia
10.7%
Soviet Union
7.8%
Slovenia
18.4%

You're not logged in!

Compare scores with friends on all Sporcle quizzes.
OR
Log In
Forgot?

From the Vault

Pick 5 in 15: Restaurant Logos

by MSUKent

If you were stuck trying to figure out where to go for lunch, here you go.
Remove Ads.
Support Sporcle.
Get the best of Sporcle when you Go Orange. This ad-free experience offers more features, more stats, and more fun while also helping to support Sporcle. Thank you for becoming a member.

Show Comments

Extras

Top Quizzes Today


Score Distribution

Your Account Isn't Verified!

In order to create a playlist on Sporcle, you need to verify the email address you used during registration. Go to your Sporcle Settings to finish the process.

Report this User

Report this user for behavior that violates our Community Guidelines.

Details: